Statistiques concernant Connaissez vous Tristan ?

Cliquez ici pour prendre le quiz!

Statistiques générales

  • Ce quiz a été pris 4 fois
  • Le résultat moyen est 8 sur 10

Statistiques - réponses

QuestionRéponse% Correct
Quel âge a Tristan ?18
100%
Tristan a t-il de la moustache ?du duvet seulement
100%
Que fait Tristan de surprenant en cours ?Il dort profondément
100%
Quelle est la marque du téléphone de Tristan ?Redmi
100%
Que se passe t-il quand Tristan fume ?Il se fait frapper
75%
Quel plat Tristan a t-il inventé ?Le riz-omelette-crème-steack
75%
Quelle est la matière préférée de Tristan ?Sociologie politique
75%
D'où est originaire Tristan ?Tricarville
75%
De quelle couleur sont les yeux de Tristan ?Marron
50%
tristan aime t-il les grosses marques de vêtement ?Oui, c'est son passe-temps
50%

Distribution des résultats

Percentile par nombre de réponses

% des personnes avec chaque résultat

Votre développement - résultats

Vous n’avez pas pris ce quiz